Gharamāṃ bāḷamandira. (Record no. 57486)

MARC details
000 -LEADER
fixed length control field 00634cam a22002411 4500
001 - CONTROL NUMBER
control field sa 64002753
003 - CONTROL NUMBER IDENTIFIER
control field DLC
005 - DATE AND TIME OF LATEST TRANSACTION
control field 20260227112011.0
008 - FIXED-LENGTH DATA ELEMENTS--GENERAL INFORMATION
fixed length control field 941027s1962 ii b 000 0 gujo
010 ## - LIBRARY OF CONGRESS CONTROL NUMBER
LC control number sa 64002753
025 ## - OVERSEAS ACQUISITION NUMBER
Overseas acquisition number PL480:I-Gu-145
035 ## - SYSTEM CONTROL NUMBER
System control number (OCoLC)31368317
040 ## - CATALOGING SOURCE
Original cataloging agency DLC
Transcribing agency CU
Modifying agency CU
-- DLC
042 ## - AUTHENTICATION CODE
Authentication code premarc
050 00 - LIBRARY OF CONGRESS CALL NUMBER
Classification number LB775.M8
Item number B48
100 1# - MAIN ENTRY--PERSONAL NAME
Personal name Bhaṭṭa, Mūḷaśaṅkara Mohanalāla,
Dates associated with a name 1907-
245 10 - TITLE STATEMENT
Title Gharamāṃ bāḷamandira.
260 ## - PUBLICATION, DISTRIBUTION, ETC.
Date of publication, distribution, etc. [1962]
300 ## - PHYSICAL DESCRIPTION
Extent 32 p.
Dimensions 18 cm.
500 ## - GENERAL NOTE
General note In Gujarati.
504 ## - BIBLIOGRAPHY, ETC. NOTE
Bibliography, etc. note Bibliography: p. 32.
650 #0 - SUBJECT ADDED ENTRY--TOPICAL TERM
Topical term or geographic name entry element Montessori method of education.

No items available.

Powered by Koha